000 00588nam a2200193 a 4500
005 20210219160349.0
008 081020s2000 mx r 000 0 spa d
035 _aUPN01000163938
049 _aUNE
080 _aOC 025.4 (100) =40 BSO.
245 0 0 _aBSO: système général de classement: tables et index.
260 _aParis : UNESCO, 1981.
300 _a88 p.
440 0 _aPGI/ 81/WS/20
690 _aSistemas de clasificacion
710 2 _aFID. Fédération Internationale de Documentation
711 2 _aPGI. Programa General de Información y UNISIST.
905 _aUNESCO
999 _c136051
_d136051